La reforma agraria en Costa Rica, 1942-1976: evolución de un programa /
Guardat en:
| Autor principal: | |
|---|---|
| Format: | Text |
| Idioma: | Spanish |
| Matèries: | |
| Etiquetes: |
Afegir etiqueta
Sense etiquetes, Sigues el primer a etiquetar aquest registre!
|
MARC
| LEADER | 00000 a a2200000 04500 | ||
|---|---|---|---|
| 001 | 43462 | ||
| 003 | cru CRAI/IIS | ||
| 005 | 20210506104148.0 | ||
| 008 | 210506b |||||||| |||| 00| 0 spa d | ||
| 040 | |c cru CRAI/IIS | ||
| 100 | |a Seligson, Mitchell | ||
| 245 | |a La reforma agraria en Costa Rica, 1942-1976: |b evolución de un programa / |c Mitchell A Seligson | ||
| 500 | |a Colección Centroamérica | ||
| 650 | |a SECTOR AGROPECUARIO | ||
| 650 | |a COSTA RICA | ||
| 650 | |a REFORMA AGRARIA | ||
| 650 | |a CAMPESINADO | ||
| 773 | 0 | |g volumen7, número19 ( , 1978), páginas 55-82 | |
| 773 | 0 | |0 18875 |9 5401 |a Universidad de Costa Rica. |d San José, Costa Rica: Universidad de Costa Rica. Consejo Superior Universitario Centroamericano, 1972- |o 14060 |t Estudios Sociales Centroamericanos / |x 03039676 | |
| 942 | |2 ddc |c PP | ||
| 999 | |c 34919 |d 34919 | ||
